| 000 | 00935cab a2200265 4500 | ||
|---|---|---|---|
| 001 | ABS45686 | ||
| 008 | 090401t1992 xxu||||| |||| 00| 0 eng d | ||
| 035 | _a(Sirsi) u54511 | ||
| 041 | _aeng | ||
| 245 | 4 | _aThe responsible workplace | |
| 260 | _c1992 | ||
| 350 | _a0 | ||
| 490 |
_aArchitects` Journal _v195(3) 22 January 1992, 41-44(4) |
||
| 520 | _aReports on the published findings of an ongoing study: "The responsible workplace".Trends in office design revealed so far include greater awareness of user-expectation and amenity value, technical flexibility and a more natural environment. Case studies provide examples of the more general conclusions. | ||
| 650 | _aBRE | ||
| 650 | _aDEGW | ||
| 650 | _aFUTURE | ||
| 650 | _aOBSOLESCENCE | ||
| 650 | _aOFFICES | ||
| 650 | _aORBIT REPORT | ||
| 650 | _aRESPONSIBLE WORKPLACE | ||
| 690 | _aBUILT ENVIRONMENT-CONSTRUCTION DESIGN | ||
| 942 | _n0 | ||
| 948 | _c04/03/1997 | ||
| 999 |
_c33410 _d33410 |
||